000 00543nam a2200133Ia 4500
008 171212s9999 xx 000 0 und d
020 _a9780874216530
100 _aWilson, William
245 _cWilson, Williameditor Rudy, Jill Terry
_aMarrow of Human Experience, The
_bEssays on Folklore by William A. Wilson
260 _bUniversity Press of Colorado
_c2006
650 _aFolklore and nationalism; National characteristcs; Folklore -- Finland; Mormons -- Folklore
650 _aSociology
856 _uwww.jstor.org/stable/10.2307/j.ctt4cgkmk
999 _c353109
_d353109